000 00622nam a2200241Ia 4500
003 OSt
005 20220918172522.0
006 a|||||r|||| 00| 0
007 ta
008 220917b |||||||| |||| 00| 0 eng d
024 _a1,320
037 _cTextual
040 _aARTS
_cARTS
_beng
041 _2eng
_aeng
082 _aR,(Q:31), M9
100 _aFischer J M
_941970
245 0 _aGod
_b For knowledge and freedom
260 _aCalifornia
_bStanford
_c1989
300 _aviii, 351p.
_ccm.
650 _aPHILOSOPHY
942 _hR,(Q:31), M9
_cTEXL
_2CC
999 _c144333
_d144333